00353nam a2200145Ia 4500008004100000020001800041041001200059082002100071100002000092245001700112260003500129300001000164400002000174650001300194231217s9999 xx 000 0 und d a81-7808-039-7 aEnglish a001.6424JAV KAN aKanerva, Jonni  4aThe Java FAQ c1997bPearson EducationaDelhi ax+324 aThe Java series aJava FAQ